000 00628nam a22002057a 4500
005 20251108172448.0
008 250721s9999 xx 000 0 ara d
082 1 4 _a371.916كسو
100 1 _aكسواني، نادر يوسف
245 1 0 _aشلل الدماغي : التطوير الحركي و الإدراكي /
264 1 _aعمان :
_bزهران للنشر،
300 _a221ص
650 1 7 _aالتربية الخاصة
650 1 7 _aالمعوقون
650 1 7 _aالشلل الدماغي
650 1 7 _aأمراضالدماغ
650 1 7 _aالجهاز العصبي
942 _2ddc
_cBK
999 _c79939
_d79939